000 00454nam a2200157Ia 4500
999 _c34907
_d34907
003 OSt
005 20200205152110.0
008 190216s9999||||xx |||||||||||||| ||und||
040 _coclc
082 _a342.54023
_bRAJ/C
100 _aRaj, Hans
_91171
245 0 _aThe Constitution Of India /
_cHans Raj
260 _bSurjeet Publications,
_c2008.
_aDelhi:
300 _a518p
942 _cBK
_2ddc
_h342.54023
_iRAJ/C
_k342.54023
_mRAJ/C